00335 a2200109 4500001001000000005001700010008004100027245004400068100001900112700001600131773007800147ART_1154620260410161858.0260409a 10aTaxes, family grants and redistribution1 aBruno, Michael1 aHabib, Jack0 tJournal of public economicsg- Vol. 5, NÂș 1/2 (ene./feb. 1976)wREV11485